00455nam a2200133Ia 450000500170000000800410001704100080005810000230006624500460008926000340013530000200016999900190018995201130020820251223131554.0251219s9999 xx 000 0 und d aeng aSharma G P9216068 aMulla Nasarudin urf hhoja 72 rochak kisse bPustak mahal/ new dehlic2014 a192bPaper Back c369604d369604 00104070aHIMRbHIMRd2025-12-15g1.00l0pHIMR-DB-3350r2025-12-23 13:15:54v1.00w2025-12-23yDBzDB3350